000 00392nam a2200157Ia 4500
008 221030s9999 xx 000 0 und d
020 _a8121914485
041 _aEnglish
082 _a105.23
_bRai
100 _aM. D. Raisinghania
245 0 _aVector Calculus
_cby M. D. Raisinghania
260 _bS.Chand & Co.
_aNew Delhi
_c1997
300 _a318
650 _aBE Mathematics
942 _cBK
999 _c3090
_d3090